000 01179nam0a22003011 4500
001 rc\3966550
005 20250611041238.0
021 _aRU
_b[55-57061]
035 _a(NLR Aleph) 008053422
090 _a8956385
_c8956385
100 _a20130415d1955 |||y0rusy50 ca
101 0 _arus
102 _aRU
105 _aa j |||||
200 1 _aРемонт строительных машин
_e[Учебник для строит. техникумов]
205 _a2-е изд., перераб.
210 _aМосква
_cГосстройиздат
_d1955
215 _a304 с., 1 л. черт.
_cил.
_d23
300 _aПеред загл. авт.: В.А. Марков, канд. техн. наук
320 _aБиблиогр.: с. 300-301 (40 назв.)
606 _aСтроительные машины
_xРемонт
_jУчебники и пособия
_2psbo
700 1 _aМарков
_bВ. А.
_cканд. техн. наук, стр-во
_gВладимир Александрович
_9144227
_3RU\NLR\AUTH\770144263
801 0 _aRU
_bNLR
_gpsbo
801 1 _aRU
_bELAR
_2rusmarc
852 _aNLR
_jТ80 Г-5/1019
942 _cBOOK
980 _aNB